| 000 | 01431cam a2200385 a 4500 | ||
|---|---|---|---|
| 001 | 14879588 | ||
| 003 | OSt | ||
| 005 | 20140821020003.0 | ||
| 008 | 070605s2006 caub 000 1 eng d | ||
| 010 | _a 2007276445 | ||
| 020 | _a1932416641 | ||
| 020 | _a9781932416640 | ||
| 035 | _a(OCoLC)ocm75428313 | ||
| 040 |
_aIWA _cIWA _dIWA _dBAKER _dDIV _dNPL _dYDXCP _dVP@ _dBTCTA _dDLC |
||
| 042 | _alccopycat | ||
| 043 |
_af-sj--- _an-us--- |
||
| 050 | 0 | 0 |
_aPS3605.G48 _bW43 2006 |
| 082 | 0 | 0 |
_a813/.6 _222 |
| 100 | 1 |
_aEggers, Dave. _920110 |
|
| 245 | 1 | 0 |
_aWhat is the what : _bthe autobiography of Valentino Achak Deng : a novel / _cDave Eggers. |
| 246 | 3 | _aAutobiography of Valentino Achak Deng | |
| 260 |
_aSan Francisco : _bMcSweeney's, _cc2006. |
||
| 300 |
_a475 p. : _bmap ; _c24 cm. |
||
| 600 | 1 | 0 |
_aDeng, Valentino Achak _vFiction. _920111 |
| 650 | 0 |
_aSudanese _zUnited States _vFiction. _920112 |
|
| 650 | 0 |
_aRefugees _zSudan _vFiction. _920113 |
|
| 650 | 0 |
_aRefugees _zUnited States _vFiction. _920114 |
|
| 650 | 0 |
_aSudanese _zUnited States _vFiction. _920115 |
|
| 651 | 0 |
_aSudan _xHistory _yCivil War, 1983-2005 _vFiction. _920116 |
|
| 655 | 7 |
_aBiographical fiction. _2gsafd _920117 |
|
| 856 | 4 | 2 |
_3Publisher description _uhttp://www.loc.gov/catdir/enhancements/fy0738/2007276445-d.html |
| 906 |
_a7 _bcbc _ccopycat _d2 _encip _f20 _gy-gencatlg |
||
| 942 |
_2lcc _cBK _01 |
||
| 999 |
_c55728 _d55702 |
||